[Event "Titled Tue 10th Jun Early"]
[Site "chess.com INT"]
[Date "2025.06.10"]
[Round "3"]
[White "Liubarov, Mark"]
[Black "Tekeyev, Zaur"]
[Result "1/2-1/2"]
[WhiteTitle "FM"]
[BlackTitle "IM"]
[WhiteElo "2331"]
[BlackElo "2407"]
[WhiteFideId "4142110"]
[BlackFideId "4199731"]
[EventDate "2025.06.10"]

1. d4 Nf6 2. c4 g6 3. Nf3 Bg7 4. g3 d6 5. Bg2 O-O 6. O-O Nc6 7. Nc3 e5 8. d5 Nb8
9. e4 a5 10. Ne1 Na6 11. Nd3 b6 12. f3 Nd7 13. Be3 Ndc5 14. b3 f5 15. a3 Nxd3
16. Qxd3 Nc5 17. Qc2 a4 18. Nxa4 Nxa4 19. bxa4 Bd7 20. a5 Rxa5 21. Bd2 Ra4 22.
Rfb1 Qa8 23. Qd3 Qa6 24. Rb4 Rxb4 25. Bxb4 Bh6 26. Bc3 Qa4 27. f4 Bg7 28. fxe5
dxe5 29. d6 cxd6 30. Qd5+ Rf7 31. Qxd6 Qxc4 32. Bxe5 Bf8 33. Qd5 Bc5+ 34. Kh1
Be6 35. Qd8+ Rf8 36. Qc7 Rf7 37. Qd8+ Bf8 38. exf5 Rxf5 39. Bf4 Bd5 40. Bxd5+
Rxd5 41. Qe8 Rf5 42. Re1 Qd5+ 43. Qe4 Qxe4+ 44. Rxe4 Bxa3 45. Re6 Bc5 46. Kg2 g5
47. Bd6 h5 48. Bxc5 bxc5 49. Re7 g4 50. Rc7 Kf8 51. h3 gxh3+ 52. Kxh3 Ke8 53. g4
hxg4+ 54. Kxg4 Rd5 55. Kf4 Kd8 56. Ra7 Rd7 57. Ra6 Re7 58. Rc6 Rc7 59. Rxc7 Kxc7
60. Ke4 Kb6 61. Kd3 Kb5 62. Kc3 c4 63. Kc2 Kc5 64. Kc3 Kd5 65. Kc2 Kd4 66. Kd2
c3+ 67. Kc2 Kc4 68. Kc1 Kb4 69. Kc2 Kc4 70. Kc1 Kb3 71. Kb1 c2+ 72. Kc1 Kc3 1/2-1/2

[Event "Titled Tue 10th Jun Early"]
[Site "chess.com INT"]
[Date "2025.06.10"]
[Round "3"]
[White "Cherukuri, Nitesh"]
[Black "Uraev, Ivan"]
[Result "0-1"]
[WhiteTitle "CM"]
[BlackTitle "FM"]
[WhiteElo "2171"]
[BlackElo "2194"]
[WhiteFideId "30978688"]
[BlackFideId "4192443"]
[EventDate "2025.06.10"]

1. Nf3 c5 2. g3 Nf6 3. Bg2 e6 4. b3 Be7 5. Bb2 O-O 6. d3 d6 7. Nbd2 Nc6 8. e4
Qc7 9. O-O b5 10. a4 b4 11. Re1 a5 12. e5 Nd5 13. exd6 Bxd6 14. Nc4 Be7 15. Nfe5
Nxe5 16. Bxe5 Qd8 17. Qg4 f6 18. Bb2 Ra6 19. h4 e5 20. Qe4 Be6 21. f4 exf4 22.
gxf4 Bf7 23. f5 Re8 24. Qg4 Kh8 25. Re2 Bf8 26. Rae1 Rxe2 27. Rxe2 h5 28. Qg3
Nc3 29. Bxc3 bxc3 30. Qf4 Ra7 31. Kf2 Kh7 32. Bf3 g6 33. fxg6+ Bxg6 34. Re6 Bh6
35. Qxf6 Qxf6 36. Rxf6 Bxd3 37. Bd1 Bxc4 38. bxc4 Rd7 39. Bxh5 Rd2+ 40. Kf3 Bg7
41. Rc6 Bd4 42. Bg6+ Kg7 43. h5 Rf2+ 44. Ke4 Rxc2 45. Kf5 Rf2+ 46. Kg4 c2 47.
h6+ Kf8 48. Rc8+ Ke7 49. Bxc2 Rxc2 50. h7 Rh2 51. Ra8 Kd6 52. Rxa5 Rxh7 53. Ra8
Rh1 54. a5 Kc6 55. a6 Kb6 56. a7 Ra1 57. Rb8+ Kxa7 58. Rb5 Ra4 59. Kf5 Rxc4 60.
Ke6 Ka6 61. Rb1 Rb4 62. Rc1 Kb5 63. Kd5 Rb2 64. Rf1 Kb4 65. Rf8 Rf2 66. Rb8+ Kc3
67. Ra8 Rf5+ 68. Ke4 Re5+ 69. Kf4 c4 70. Rd8 Kd3 71. Ra8 c3 72. Rd8 Re1 73. Rc8
c2 74. Kf3 Bc3 0-1

[Event "Titled Tue 10th Jun Early"]
[Site "chess.com INT"]
[Date "2025.06.10"]
[Round "3"]
[White "Bustelo, Tabare"]
[Black "Goldin, Roman"]
[Result "1-0"]
[WhiteTitle "CM"]
[BlackTitle "FM"]
[WhiteElo "2043"]
[BlackElo "2299"]
[WhiteFideId "3000362"]
[BlackFideId "2803860"]
[EventDate "2025.06.10"]

1. d4 Nf6 2. Bg5 d5 3. Bxf6 gxf6 4. e3 c5 5. c3 Nc6 6. Nd2 e6 7. Ne2 b6 8. Ng3
Bb7 9. Bd3 Be7 10. Qh5 f5 11. Nf3 h6 12. O-O-O Qc7 13. Kb1 Bf6 14. Bb5 a6 15.
Ba4 b5 16. Bc2 b4 17. Ne2 bxc3 18. Nxc3 cxd4 19. exd4 Bg7 20. Rhe1 O-O 21. Re3
Qf4 22. h4 Qg4 23. Qxg4 fxg4 24. Nh2 Bxd4 25. Red3 Bxc3 26. Rxc3 h5 27. f3 f5
28. Re3 Bc8 29. Nf1 Bd7 30. Bb3 Kg7 31. Nd2 a5 32. Ba4 Rfe8 33. Rde1 Rac8 34.
Nb3 d4 35. R3e2 e5 36. f4 e4 37. Bxc6 Bxc6 38. Nxd4 Bd7 39. g3 Rc4 40. Nb3 a4
41. Nd2 Rc5 42. Nf1 Rec8 43. Ne3 Bb5 44. Rd2 Kf6 45. a3 Bd3+ 46. Ka1 Ke6 47. Ka2
Rc1 48. Rdd1 Rxd1 49. Rxd1 Rc7 50. Rd2 Rc1 51. Rd1 Rxd1 52. Nxd1 Kd5 53. Ne3+
Kd4 54. Nxf5+ Kd5 55. Ne3+ Kd4 56. Nf5+ Kc5 57. b3 axb3+ 58. Kxb3 Bc4+ 59. Kc3
Be6 60. Ne3 Bf7 61. a4 Kd6 62. Kd4 Be8 63. a5 Bb5 64. Kxe4 Kc5 65. f5 Bc6+ 66.
Kf4 Kd4 67. Kg5 Kxe3 68. f6 Kf3 69. f7 Kxg3 70. f8=Q Kh3 71. Qd6 Be4 72. Qd2 g3
73. Qe3 Bd5 74. Kf4 Kh2 75. Qxg3+ 1-0

[Event "Titled Tue 10th Jun Early"]
[Site "chess.com INT"]
[Date "2025.06.10"]
[Round "3"]
[White "Rojas Salas, Steven"]
[Black "Recuero Guerra, Javier"]
[Result "1-0"]
[WhiteTitle "IM"]
[BlackTitle "FM"]
[WhiteElo "2354"]
[BlackElo "2126"]
[WhiteFideId "3819434"]
[BlackFideId "2254085"]
[EventDate "2025.06.10"]

1. e4 c5 2. b4 b6 3. Nf3 Bb7 4. d3 e6 5. b5 d5 6. Qe2 Nf6 7. Nbd2 Be7 8. Bb2 O-O
9. g3 Nbd7 10. Bg2 Qc7 11. O-O Rac8 12. exd5 Bxd5 13. c4 Bb7 14. Rfe1 Rfd8 15.
Rad1 Qb8 16. Nf1 Qa8 17. Ne3 Ne8 18. h4 Bf6 19. Ng5 Bxg2 20. Nxg2 Bxb2 21. Qh5
Nef6 22. Qxf7+ Kh8 23. Qxe6 Rf8 24. Nf4 Bd4 25. h5 Rce8 26. Nf7+ Rxf7 27. Qxf7
Rf8 28. Qe6 Qf3 29. Re3 Bxe3 30. Qxe3 Qxe3 31. fxe3 Re8 32. e4 Ne5 33. Kg2 Rd8
34. Nd5 Nxd5 35. exd5 Kg8 36. Re1 Nxd3 37. Re7 Nb2 38. Re4 Kf7 39. Rf4+ Ke7 40.
Rg4 Kf6 41. Rf4+ Kg5 42. Rf7 Kxh5 43. Rxg7 Kh6 44. Rxa7 Nxc4 45. Ra4 Ne3+ 46.
Kf3 Nxd5 47. Ra6 Rb8 48. a4 Kg5 49. a5 bxa5 50. Rxa5 Nc3 51. b6 Rxb6 52. Rxc5+
Kg6 53. Rxc3 Rf6+ 54. Kg4 Rf7 55. Rc6+ Kg7 56. Rc5 Ra7 57. Kh5 Rf7 58. g4 Re7
59. Rg5+ Kh8 60. Rd5 Kg7 61. Rd6 Rf7 62. Re6 Rd7 63. Re5 Rf7 64. Rg5+ Kh8 65.
Rb5 Kg7 66. Rb6 Kh8 67. Kh6 Rf8 68. g5 Rg8 69. Rc6 Rg6+ 70. Rxg6 hxg6 71. Kxg6
Kg8 72. Kf6 Kf8 73. g6 Kg8 74. g7 Kh7 75. Kf7 Kh6 76. g8=Q Kh5 77. Qg3 Kh6 78.
Qg6# 1-0

[Event "Titled Tue 10th Jun Early"]
[Site "chess.com INT"]
[Date "2025.06.10"]
[Round "3"]
[White "Nguyen, Ngoc Truong Son"]
[Black "Raptis, Nick"]
[Result "1-0"]
[WhiteTitle "GM"]
[BlackTitle "FM"]
[WhiteElo "2600"]
[BlackElo "2220"]
[WhiteFideId "12401110"]
[BlackFideId "2016850"]
[EventDate "2025.06.10"]

1. e4 e6 2. d4 d5 3. e5 c5 4. c3 Nc6 5. Nf3 Nh6 6. Na3 f6 7. exf6 Qxf6 8. Nb5
Qf7 9. Ng5 Qe7 10. Bf4 e5 11. dxe5 Nxe5 12. Bxe5 Qxe5+ 13. Qe2 Qxe2+ 14. Bxe2
Kd7 15. O-O-O Kc6 16. a4 a6 17. Na3 Bd6 18. g3 Bg4 19. f3 Bf5 20. f4 Bg4 21.
Rhe1 Rae8 22. Bxg4 Nxg4 23. Nf7 Rxe1 24. Rxe1 Rf8 25. Nxd6 Kxd6 26. Re2 Nf6 27.
Nc2 Re8 28. Ne3 g6 29. Kd1 Re4 30. Nf1 Rxa4 31. Nd2 Ra1+ 32. Kc2 b5 33. Nf3 Ne4
34. Ne5 Rh1 35. Ng4 a5 36. Ne5 b4 37. c4 a4 38. Nf7+ Ke6 39. Ng5+ Kf5 40. cxd5
Nxg5 41. Re5+ Kf6 42. Rxg5 b3+ 43. Kc3 Rc1+ 44. Kd2 Rc2+ 45. Kd3 Rxb2 46. d6 Rb1
47. Rxc5 b2 48. Rb5 Rd1+ 49. Kc2 Rxd6 50. Rxb2 Ra6 51. Kb1 a3 52. Rb5 a2+ 53.
Ka1 h6 54. g4 g5 55. f5 Kg7 56. h3 Kf6 57. Rc5 Kg7 58. Rc3 Kf6 59. Re3 Kf7 60.
Re2 h5 61. Rxa2 Rd6 62. Ra7+ Kf6 63. Rh7 Ke5 64. Rxh5 Kf4 65. Kb2 Rd2+ 66. Kc3
Rh2 67. Kc4 Ke5 68. Kc5 Rc2+ 69. Kb6 Kf4 70. Kb7 Ke5 71. Rxg5 Kf6 72. Rg6+ Kf7
73. h4 Rb2+ 74. Kc6 Rd2 75. Kc5 Rd1 76. h5 Rh1 77. h6 Rg1 78. Kd4 Rc1 79. Ke5
Re1+ 80. Kf4 Rf1+ 81. Kg5 Kf8 82. h7 Rh1 83. Rg8+ Kf7 84. h8=Q Rh6 85. Qg7# 1-0

[Event "Titled Tue 10th Jun Early"]
[Site "chess.com INT"]
[Date "2025.06.10"]
[Round "3"]
[White "Yanev, Tihomir"]
[Black "Reshetnikov, Alexey"]
[Result "0-1"]
[WhiteTitle "IM"]
[BlackTitle "IM"]
[WhiteElo "2354"]
[BlackElo "2492"]
[WhiteFideId "2910110"]
[BlackFideId "4162080"]
[EventDate "2025.06.10"]

1. e4 c5 2. b3 Nc6 3. Bb2 d6 4. Bb5 Bd7 5. f4 a6 6. Bxc6 Bxc6 7. d3 e6 8. Nf3
Nf6 9. O-O Be7 10. Nbd2 b5 11. Qe1 Bb7 12. Kh1 O-O 13. Qg3 d5 14. Rae1 d4 15.
Ne5 g6 16. Bc1 Nh5 17. Qh3 Qd6 18. g4 Nxf4 19. Rxf4 Qxe5 20. Nf3 Qc7 21. g5 e5
22. Rh4 Bc8 23. Qg3 Bd6 24. Rh6 Ra7 25. Kg1 f5 26. gxf6 Rxf6 27. Ng5 Qd8 28. Qh4
Rff7 29. Nxf7 Qxh4 30. Rxh4 Rxf7 31. Rf1 Rxf1+ 32. Kxf1 Be7 33. Rh6 Kg7 34. h4
Bg4 35. Bg5 Bf8 36. Ke1 Kg8 37. a3 Bg7 38. Kd2 Be6 39. Kc1 Bf7 40. Bd2 Be6 41.
Bg5 Bf7 42. Kd2 c4 43. b4 c3+ 44. Ke2 Ba2 45. Kd1 Be6 46. Ke1 Bg4 47. Bc1 Bh8
48. Bg5 Bg7 49. Bc1 Bf8 50. Bg5 Bd6 51. Bc1 Bc7 52. Bg5 a5 53. bxa5 Bxa5 54. Be7
Bc7 55. Bf6 Bd6 56. Kf2 Bf8 57. Bg5 Bxa3 58. Ke1 Bf8 59. Bc1 b4 60. Bg5 Bf3 61.
Bc1 Bg4 62. Bg5 Bg7 63. Bc1 Bf6 64. Bg5 Bg7 65. Bc1 Bxh6 66. Bxh6 Kf7 67. Bg5
Ke6 68. Bh6 Bf3 69. Bf8 b3 70. cxb3 Bg4 71. b4 Kd7 72. Bg7 Kd6 73. Bf8+ Kd7 74.
Bg7 Ke6 75. Bf8 Bf3 76. Bg7 Kd6 77. b5 Bg4 78. b6 Bc8 79. Kd1 Ba6 80. Kc2 Bb7
81. Bf6 Bc6 82. Bg7 Bb7 83. Bf6 h6 84. Bg7 g5 85. Bxh6 gxh4 86. Bg5 h3 0-1

[Event "Titled Tue 10th Jun Early"]
[Site "chess.com INT"]
[Date "2025.06.10"]
[Round "3"]
[White "Sek, Konstantin"]
[Black "Jimenez Salas, Maria Teresa"]
[Result "1-0"]
[WhiteTitle "IM"]
[BlackTitle "WIM"]
[WhiteElo "2368"]
[BlackElo "2170"]
[WhiteFideId "24104302"]
[BlackFideId "3843866"]
[EventDate "2025.06.10"]

1. e4 c5 2. Nf3 Nc6 3. d4 cxd4 4. Nxd4 Nf6 5. Nc3 d6 6. Bc4 e6 7. Be3 Be7 8. Bb3
O-O 9. Qe2 a6 10. O-O-O Nxd4 11. Bxd4 Qc7 12. f3 Nd7 13. h4 b5 14. a3 Nc5 15.
Kb1 Rb8 16. h5 b4 17. axb4 Nxb3 18. cxb3 Rxb4 19. h6 g6 20. Qc2 Bd7 21. Na2
Qxc2+ 22. Kxc2 Rc8+ 23. Bc3 Rb7 24. g4 a5 25. Rd4 e5 26. Rc4 Rxc4 27. bxc4 Ba4+
28. Kd3 Bb3 29. Nc1 Ba4 30. Rh2 Bd8 31. Ne2 Bd7 32. f4 exf4 33. Nxf4 Bxg4 34.
Nd5 Be6 35. Nf6+ Bxf6 36. Bxf6 Kf8 37. Rc2 Rb3+ 38. Bc3 Ke7 39. Kd4 a4 40. e5
dxe5+ 41. Kxe5 f6+ 42. Kd4 Kf7 43. c5 a3 44. bxa3 Rxa3 45. c6 Ra8 46. Bb4 Rc8
47. c7 g5 48. Bd6 Kg6 49. Rh2 g4 50. Ke3 Kg5 51. Bf4+ Kf5 52. Rh5+ Kg6 53. Ra5
Kf7 54. Ra6 Bf5 55. Rb6 Bd7 56. Kf2 Kg6 57. Kg3 Kf5 58. Rb4 Ra8 59. Rd4 Be6 60.
Rd8 Ra3+ 61. Kg2 Rc3 62. Bg3 Rc2+ 63. Kf1 Bc4+ 64. Kg1 Be6 65. Re8 Rc1+ 66. Kf2
Rc2+ 67. Ke1 Rc3 68. Kf2 Rc2+ 69. Kg1 Rc4 70. Re7 Rc1+ 71. Kf2 Rc2+ 72. Kg1 Bd5
73. Re2 Rc1+ 74. Kf2 Kg6 75. Rd2 Be6 76. Rd8 Kxh6 77. Bf4+ Kg6 78. Bxc1 h5 79.
Kg3 h4+ 80. Kxh4 f5 81. Kg3 Kf6 82. Bf4 Ke7 83. Bg5+ Kf7 84. c8=Q 1-0

[Event "Titled Tue 10th Jun Early"]
[Site "chess.com INT"]
[Date "2025.06.10"]
[Round "3"]
[White "Gutierrez Olivares, Daniel"]
[Black "Ilamparthi, A R"]
[Result "0-1"]
[WhiteTitle "FM"]
[BlackTitle "IM"]
[WhiteElo "2354"]
[BlackElo "2490"]
[WhiteFideId "2264005"]
[BlackFideId "45015775"]
[EventDate "2025.06.10"]

1. Nf3 g6 2. c4 Bg7 3. g3 e5 4. Nc3 Nc6 5. Bg2 Nge7 6. Rb1 a5 7. a3 O-O 8. b4
axb4 9. axb4 d6 10. O-O Be6 11. d3 Qd7 12. Ng5 Bf5 13. b5 Nd8 14. e4 Bg4 15. f3
Be6 16. Nd5 h6 17. Nxe6 Nxe6 18. Be3 Ra2 19. Ra1 Rfa8 20. Rxa2 Rxa2 21. Qb3 Re2
22. Qd1 Ra2 23. Qb3 Ra8 24. Bh3 Qd8 25. b6 c6 26. Bxe6 cxd5 27. Bxd5 Nxd5 28.
exd5 f5 29. c5 dxc5 30. d6+ Kh7 31. Bxc5 Rc8 32. Qd5 Qd7 33. d4 exd4 34. Bxd4
Rc6 35. Bxg7 Rxd6 36. Qe5 Rd5 37. Qc7 Kxg7 38. Rc1 Kf6 39. Qc3+ Kf7 40. Qh8 Rd1+
41. Rxd1 Qxd1+ 42. Kg2 Qe2+ 43. Kg1 Qe3+ 44. Kg2 Qe2+ 45. Kg1 Qe3+ 46. Kg2 Qxb6
47. Qh7+ Kf6 48. Qxh6 Qb2+ 49. Kh3 Kf7 50. Qh7+ Qg7 51. Qh4 Qf6 52. Qc4+ Qe6 53.
Qc7+ Qe7 54. Qb6 Qd7 55. Qb3+ Kg7 56. f4 b5 57. Qb2+ Kh7 58. Kg2 Qb7+ 59. Kf2 b4
60. h4 b3 61. h5 gxh5 62. Qf6 Qd5 63. Qe7+ Kg6 64. Qe8+ Qf7 65. Qc6+ Kg7 66. Qb5
Qa7+ 67. Kg2 Qf7 68. Qe5+ Kf8 69. Qc5+ Ke8 70. Qb5+ Kd8 71. Qb8+ Ke7 72. Qb4+
Kf6 73. Kh3 Kg6 74. Qb6+ Kh7 75. Kh4 Qe7+ 76. Kxh5 Qf7+ 77. Kh4 Qg7 78. Kh3 Qh6+
79. Kg2 Qxb6 0-1

[Event "Titled Tue 10th Jun Early"]
[Site "chess.com INT"]
[Date "2025.06.10"]
[Round "3"]
[White "Khalafvand, Dorsa Sadat"]
[Black "Souleidis, Georgios"]
[Result "1/2-1/2"]
[WhiteTitle "WCM"]
[BlackTitle "IM"]
[WhiteElo "1985"]
[BlackElo "2418"]
[WhiteFideId "36767522"]
[BlackFideId "4206827"]
[EventDate "2025.06.10"]

1. c4 Nf6 2. Nc3 g6 3. d4 Bg7 4. e4 d6 5. Nf3 O-O 6. Be2 e5 7. O-O Bg4 8. Be3
Bxf3 9. Bxf3 exd4 10. Bxd4 Nc6 11. Be3 Re8 12. Qc2 Nd7 13. Rfd1 Bxc3 14. Qxc3
Qf6 15. Qc2 Nc5 16. Rab1 a5 17. a3 a4 18. Rd5 b6 19. Rdd1 Ne5 20. Be2 g5 21. f3
Ng6 22. Bd4 Ne5 23. Be3 h6 24. Qd2 Ng6 25. Bd4 Qe7 26. Qc3 Ne5 27. g3 Nb3 28.
Be3 Ng6 29. Rf1 Qe5 30. Qb4 f5 31. Bd3 f4 32. Bf2 Qf6 33. Bc2 Ne5 34. Bxb3 Nxf3+
35. Kg2 axb3 36. Kxf3 fxg3+ 37. Kxg3 Qf4+ 38. Kg2 Qxe4+ 39. Kg1 Qg4+ 40. Bg3
Qd4+ 41. Rf2 Re3 42. Qb5 Rae8 43. Qd5+ Qxd5 44. cxd5 Rd3 45. Rbf1 Re7 46. Rf8+
Kg7 47. R8f5 Rd2 48. R1f2 Rd1+ 49. Kg2 Kg6 50. Rf6+ Kg7 51. R6f5 Kg6 52. h4 gxh4
53. Bxh4 Re4 54. Bg3 Red4 55. Rf6+ Kg5 56. R2f5+ Kg4 57. Rf2 Rxd5 58. Rxh6 R1d2
59. Rh7 Rxf2+ 60. Bxf2 c5 61. Rg7+ Kf5 62. Rg3 c4 63. Be3 b5 64. Kf3 Rd3 65. Rg8
d5 66. Ke2 d4 67. Rf8+ Ke6 68. Bd2 Rh3 69. Rc8 Kd5 70. Rd8+ Ke4 71. Re8+ Kd5 72.
Rb8 Rh2+ 73. Kd1 Rh1+ 74. Be1 c3 75. Rxb5+ Kc4 76. Rb4+ Kd3 77. Rxb3 Rh2 78.
bxc3 Ra2 79. cxd4+ Kxd4 80. Bd2 Kc4 81. Rc3+ Kd4 82. Kc1 Ke4 83. Rb3 Kd4 84. Bb4
Kc4 85. Rh3 Rg2 86. Kb1 Re2 87. Rc3+ Kb5 88. Rc5+ Ka4 89. Rc3 Rg2 90. Rd3 Re2
91. Bd2 Rg2 92. Kc2 Rg4 93. Bc1 Rc4+ 94. Kb2 Rg4 95. Kc3 Kb5 96. Kb3 Re4 97.
Rd5+ Ka6 98. a4 Rg4 99. Rd3 Re4 100. Bd2 Re6 101. Rd4 Kb7 102. Rb4+ Rb6 103.
Rxb6+ Kxb6 104. Kb4 Kb7 105. Kb5 Ka8 106. Ka6 Kb8 107. Bf4+ Ka8 108. Kb5 Ka7
109. a5 Ka8 110. a6 Ka7 111. Ka5 Ka8 112. Kb6 1/2-1/2

[Event "Titled Tue 10th Jun Early"]
[Site "chess.com INT"]
[Date "2025.06.10"]
[Round "3"]
[White "Arya G Mallar"]
[Black "Labussiere, Victor"]
[Result "0-1"]
[WhiteTitle "WCM"]
[BlackTitle "FM"]
[WhiteElo "2000"]
[BlackElo "2312"]
[WhiteFideId "25115324"]
[BlackFideId "2183129"]
[EventDate "2025.06.10"]

1. d4 Nf6 2. c4 g6 3. Nf3 d6 4. g3 Bg7 5. Bg2 O-O 6. Nc3 Nbd7 7. O-O e5 8. e4
Re8 9. h3 exd4 10. Nxd4 Nc5 11. Re1 Bd7 12. b4 Ne6 13. Nxe6 Bxe6 14. Qd3 Nd7 15.
Bf4 Ne5 16. Bxe5 dxe5 17. Qe2 c6 18. Red1 Qe7 19. a3 f5 20. Na4 Red8 21. Nc5 Bf7
22. Rac1 a5 23. Nd3 axb4 24. axb4 Rd4 25. c5 Rad8 26. Qe3 f4 27. gxf4 exf4 28.
Qe2 Bc4 29. Rc3 Bb5 30. Qf3 Be5 31. Ra3 Kg7 32. Bf1 Qg5+ 33. Kh1 R8d7 34. Rc1
Bxd3 35. Bxd3 Rxb4 36. Rd1 Rbd4 37. Rg1 Qe7 38. Rd1 Qe6 39. Ra7 Qe7 40. Ra3 Qxc5
41. Rb3 Qe7 42. Rdb1 b5 43. Rc1 R7d6 44. Be2 Qf6 45. Bf1 Ra4 46. Bg2 Ra2 47. Rb4
Rad2 48. Bf1 h5 49. Bg2 Kh6 50. Bf1 R2d4 51. Qa3 Rxb4 52. Qxb4 Qe6 53. Bg2 Qf6
54. Qa5 Bd4 55. Qa8 Rd8 56. Qxc6 Qxc6 57. Rxc6 b4 58. Rc4 b3 59. Rb4 b2 60. Bf3
Be5 61. Be2 Kg5 62. Kg2 Kf6 63. Bc4 Bd4 64. Ba2 Ke5 65. Rb5+ Kf6 66. Kf3 Kg7 67.
Bb1 Bc3 68. Rb7+ Kf6 69. Bc2 Rd2 70. Bb1 Rd1 71. Ba2 b1=Q 72. Bxb1 Rd2 73. Kxf4
Rxf2+ 74. Kg3 Be1 75. Rb6+ Kg5 76. e5 Rf6+ 77. Kg2 Rxb6 78. Be4 Rb2+ 79. Kf3
Rb3+ 80. Bd3 Bd2 81. Ke2 Rb2 82. Kf3 Kh4 83. Ke4 g5 84. e6 Bb4 85. e7 Bxe7 86.
Kd4 g4 87. Kc4 Bf6 88. Be4 gxh3 89. Bh1 h2 90. Be4 Rf2 91. Bh1 Rf1 92. Bf3 h1=Q
93. Bxh1 Rxh1 0-1

[Event "Titled Tue 10th Jun Early"]
[Site "chess.com INT"]
[Date "2025.06.10"]
[Round "3"]
[White "Gbiorczyk, Mikolaj"]
[Black "Urazayev, Arystanbek"]
[Result "1/2-1/2"]
[WhiteTitle "CM"]
[BlackTitle "IM"]
[WhiteElo "2191"]
[BlackElo "2490"]
[WhiteFideId "21080763"]
[BlackFideId "13709810"]
[EventDate "2025.06.10"]

1. d4 Nf6 2. Nc3 d5 3. Bf4 e6 4. Nb5 Bb4+ 5. c3 Ba5 6. a4 a6 7. b4 axb5 8. axb5
Ne4 9. bxa5 Qf6 10. e3 g5 11. Bg3 Nd7 12. Bd3 Nxg3 13. hxg3 e5 14. Qb3 e4 15.
Be2 Qd6 16. c4 c5 17. cxd5 cxd4 18. exd4 Nf6 19. Nh3 Rg8 20. O-O Kf8 21. Rfc1 h6
22. Qa3 Qxa3 23. Rxa3 Nxd5 24. Rc5 Be6 25. Bc4 Rd8 26. a6 bxa6 27. bxa6 Kg7 28.
a7 Nb6 29. Bxe6 fxe6 30. Rc6 Na8 31. Rxe6 Rxd4 32. Raa6 Rh8 33. Rg6+ Kf7 34.
Rxh6 Rxh6 35. Rxh6 Ra4 36. Nxg5+ Kg7 37. Re6 Rxa7 38. Rxe4 Nb6 39. Ne6+ Kf6 40.
Nf4 Nd7 41. Re6+ Kf5 42. f3 Ne5 43. Re8 Ra1+ 44. Kh2 Ra2 45. Rf8+ Kg5 46. Ne6+
Kg6 47. Rf4 Nd3 48. Rg4+ Kf6 49. Nf4 Ne1 50. Rh4 Nxf3+ 51. Kh3 Nxh4 52. gxh4 Kf5
53. Nh5 Ra3+ 54. g3 Ra1 55. Ng7+ Ke4 56. Kg4 Ra7 57. Ne6 Ke5 58. Ng5 Ra4+ 59.
Kh5 Kf5 60. Nf7 Ra7 61. g4+ Kf6 62. Ng5 Ra8 63. Kh6 Rh8+ 64. Nh7+ Kf7 65. g5 Ra8
66. g6+ Ke6 67. h5 Ke7 68. Kg7 Ra7 69. h6 Ke6+ 70. Kg8 Kf5 71. g7 Kg6 72. Kf8
Ra8+ 73. Ke7 Kxh6 74. Nf8 Kxg7 75. Ne6+ Kg6 76. Kd6 Kf6 77. Nd4 Rd8+ 78. Kc5 Rd7
79. Nc6 Ke6 80. Nd4+ Ke5 81. Nc6+ Ke4 82. Nb4 Rc7+ 83. Kd6 Rc4 84. Nc6 Kf5 85.
Kd5 Rc1 86. Nd4+ Kf6 87. Ke4 Ke7 88. Kd5 Kd7 89. Ke5 Rd1 90. Kd5 Rd2 91. Ke5 Kc7
92. Kd5 Kb6 93. Ke5 Rd1 94. Kd5 Ka5 95. Ke5 Ka4 96. Kd5 Kb4 97. Ke5 Kc4 98. Ne6
Rf1 99. Kd6 Re1 100. Nc7 Rd1+ 101. Ke6 Rh1 102. Kd6 Rh6+ 103. Ne6 Rg6 104. Ke5
Rg1 105. Kf5 Kd5 106. Nf4+ Kd4 107. Ne6+ Ke3 108. Ke5 Ra1 109. Nc5 Ra8 110. Ne6
Re8 111. Kd5 Kf3 112. Ke5 Kg4 113. Kf6 Ra8 114. Ke5 Ra5+ 115. Kd6 Kf5 116. Nc5
Ra1 117. Kd5 Rd1+ 118. Kc4 Ke5 119. Nd3+ Kd6 120. Kd4 Rd2 121. Ke3 Rh2 122. Kd4
Rh3 123. Nf4 Rh4 124. Ke4 Ke7 1/2-1/2

[Event "Titled Tue 10th Jun Early"]
[Site "chess.com INT"]
[Date "2025.06.10"]
[Round "3"]
[White "Grezels, Florian"]
[Black "Shevchenko, Yaroslav"]
[Result "1/2-1/2"]
[WhiteTitle "FM"]
[WhiteElo "2306"]
[BlackElo "2179"]
[WhiteFideId "20696450"]
[BlackFideId "34144684"]
[EventDate "2025.06.10"]

1. e4 c5 2. Nf3 e6 3. d4 cxd4 4. Nxd4 Nc6 5. Nc3 Nf6 6. Nxc6 bxc6 7. e5 Nd5 8.
Ne4 Qc7 9. f4 f5 10. exf6 gxf6 11. Bd3 Be7 12. O-O Qb6+ 13. Kh1 Ne3 14. Qh5+ Kd8
15. Rf3 Nf5 16. Ng3 Nd4 17. Rf1 c5 18. Be4 Bb7 19. c3 Bxe4 20. Nxe4 Nf5 21. a3
Qc6 22. Qf3 Rg8 23. Rg1 Rb8 24. b4 Nh4 25. Qe2 f5 26. Ng3 Rg4 27. Be3 Ng6 28.
bxc5 Bxc5 29. Bxc5 Qxc5 30. Rab1 Rc8 31. Rgd1 Nxf4 32. Qd2 Nd5 33. Qh6 Kc7 34.
Qxh7 Rcg8 35. c4 Nf6 36. Qf7 Qf8 37. Qxf8 Rxf8 38. Rb4 Rfg8 39. Rd2 f4 40. Nf1
Ne4 41. Rdb2 Nc5 42. Rb5 Kc6 43. Ra5 a6 44. h3 Rh4 45. Nh2 Rhh8 46. Nf3 Rb8 47.
Ne5+ Kd6 48. Nf7+ Ke7 49. Rxb8 Rxb8 50. Rxc5 Kxf7 51. Ra5 Rb6 52. Kh2 d6 53. h4
e5 54. Kh3 Ke6 55. Kg4 Rb2 56. Kh3 Rb3+ 57. Kh2 Rb6 58. h5 Rb7 59. Rxa6 Rh7 60.
c5 Rxh5+ 61. Kg1 e4 62. Rxd6+ Ke5 63. Rd8 Rh7 64. c6 Rc7 65. Re8+ Kd4 66. Kf2
Rxc6 67. Rd8+ Kc3 68. Re8 Rc4 69. a4 Rxa4 70. Rf8 Ra2+ 71. Kf1 Kd3 72. Rd8+ Ke3
73. Kg1 Ra1+ 74. Kh2 Ra2 75. Kh3 Rd2 76. Rf8 Rd3 77. Rf7 Kf2+ 78. Kg4 f3 79.
gxf3 Rxf3 80. Ra7 Rd3 81. Ra2+ Ke3 82. Rh2 Rd2 83. Rh3+ Kd4 84. Kf4 Rf2+ 85. Kg3
Rf8 86. Rh7 e3 87. Ra7 e2 88. Ra4+ Kc3 89. Ra3+ Kc2 90. Ra2+ Kd1 91. Ra1+ Kd2
92. Ra2+ Kd3 93. Ra3+ Ke4 94. Ra4+ Ke5 95. Ra5+ Ke6 96. Ra6+ Ke7 97. Ra7+ Kf6
98. Ra6+ Kf7 99. Ra7+ Kg6 100. Re7 Rg8 101. Rxe2 Kf5+ 102. Kf2 Ra8 103. Rc2 Ra3
104. Ke2 Ke4 105. Kd2 Rd3+ 106. Kc1 Rb3 107. Rb2 Rc3+ 108. Rc2 Rh3 109. Kb2 Kd4
110. Rd2+ Kc4 111. Rc2+ Kb4 112. Rg2 Re3 113. Rg4+ Kc5 114. Rg2 Rf3 115. Rg4 Kb5
116. Rh4 Rg3 117. Rf4 Kc5 118. Rh4 Rf3 119. Kc2 Rg3 120. Kd2 Ra3 121. Kc2 Kd5
122. Kd2 Rf3 123. Ke2 Rb3 124. Kd2 Rb2+ 125. Kc3 Rg2 126. Rh5+ Kd6 127. Rh6+ Kc5
128. Rh5+ Kc6 129. Rh6+ Kc5 130. Rh5+ Kc6 131. Rh6+ Kc5 1/2-1/2

[Event "Titled Tue 10th Jun Early"]
[Site "chess.com INT"]
[Date "2025.06.10"]
[Round "4"]
[White "Olhovik, Andrei"]
[Black "Suvradeepta, Das"]
[Result "1-0"]
[WhiteTitle "FM"]
[BlackTitle "FM"]
[WhiteElo "2282"]
[BlackElo "2230"]
[WhiteFideId "13507397"]
[BlackFideId "5058031"]
[EventDate "2025.06.10"]

1. d4 Nf6 2. c4 e6 3. Nc3 Bb4 4. a3 Bxc3+ 5. bxc3 b6 6. f3 Bb7 7. e4 d6 8. Bd3
e5 9. Ne2 Nc6 10. O-O O-O 11. Bg5 Na5 12. f4 h6 13. Bxf6 gxf6 14. Ng3 Kh7 15.
Qh5 Qe8 16. Nf5 1-0

[Event "Titled Tue 10th Jun Early"]
[Site "chess.com INT"]
[Date "2025.06.10"]
[Round "4"]
[White "Cherepov, Alexej"]
[Black "Matyakubov, Miraziz"]
[Result "1-0"]
[WhiteTitle "CM"]
[BlackTitle "CM"]
[WhiteElo "2083"]
[BlackElo "2278"]
[WhiteFideId "13503650"]
[BlackFideId "14215772"]
[EventDate "2025.06.10"]

1. d4 Nf6 2. c4 e6 3. g3 d5 4. Bg2 Bb4+ 5. Nd2 dxc4 6. Qa4+ Nc6 7. Bxc6+ bxc6 8.
Qxb4 Qxd4 9. Ngf3 Qd5 10. Qxc4 O-O 11. Qxd5 cxd5 12. b3 c5 13. Bb2 Nd7 14. O-O
Ba6 15. Rfe1 Rfc8 16. Rac1 f6 17. e4 d4 18. Nc4 Bxc4 19. Rxc4 e5 20. Rec1 Rcb8
21. Ba3 Rb5 22. Bxc5 a5 23. Ba3 Kf7 24. Nd2 h5 25. Rc7 Ke8 26. Nc4 Kd8 27. Nd6
Rb6 28. Rc8+ Rxc8 29. Rxc8+ Ke7 30. Nc4+ Rb4 1-0

[Event "Titled Tue 10th Jun Early"]
[Site "chess.com INT"]
[Date "2025.06.10"]
[Round "4"]
[White "Ambartsumova, Karina"]
[Black "Li, Hui"]
[Result "1-0"]
[WhiteTitle "IM"]
[BlackTitle "CM"]
[WhiteElo "2403"]
[BlackElo "2041"]
[WhiteFideId "4166299"]
[BlackFideId "15400310"]
[EventDate "2025.06.10"]

1. Nf3 d5 2. e3 Nf6 3. c4 e6 4. Nc3 Be7 5. b3 O-O 6. Bb2 c5 7. cxd5 Nxd5 8. Qc2
Nc6 9. a3 b6 10. h4 Bb7 11. Ng5 g6 12. Nxh7 Kxh7 13. h5 Kg8 14. hxg6 f5 15. Nxd5 1-0